000
00394nam a22001457a 4500
003
OSt
005
20120302150016.0
008
090609t xxu||||| |||| 00| 0 eng d
035
_a
५००२
040
_c
मराठी
245
_a
३००० वस्तुनिष्ठ प्रश्न
260
_b
अनुपम
300
_b
२४३ पाने
942
_2
ddc
_c
BOOK
999
_c
491122
_d
491119